Statistics for 10 number bonds in 20 seconds

Click here to take the quiz!

General Stats

  • This quiz has been taken 97 times
  • The average score is 8 of 9

Answer Stats

Maths QuestionAnswer% Correct
3+811
97%
6+511
97%
6-42
97%
1+1112
95%
4+26
94%
3+1013
90%
50-050
90%
8+816
89%
4 divided by 00
82%

Score Distribution

Percentile by Number Answered

Percent of People with Each Score

Your Score History

You have not taken this quiz